Fotografo e il fisco (Il) (Record n. 92607)
[ formato base ]
| 000 -LEADER | |
|---|---|
| fixed length control field | 01327nam a2200313Ia 4500 |
| 001 - CONTROL NUMBER | |
| control field | H6752 |
| 003 - CONTROL NUMBER IDENTIFIER | |
| control field | IT-RoPAU |
| 008 - FIXED-LENGTH DATA ELEMENTS--GENERAL INFORMATION | |
| fixed length control field | 130308s9999 xx 000 0 und d |
| 040 ## - CATALOGING SOURCE | |
| Original cataloging agency | IT-RoPAU |
| 040 ## - CATALOGING SOURCE | |
| Transcribing agency | IT-RoPAU |
| 041 ## - LANGUAGE CODE | |
| Language code of text/sound track or separate title | ITALIANO |
| 100 ## - MAIN ENTRY--PERSONAL NAME | |
| Personal name | Guglielmin Riccardo |
| 100 ## - MAIN ENTRY--PERSONAL NAME | |
| Miscellaneous information | Codice Aut. SPICS: 58659 |
| 245 ## - TITLE STATEMENT | |
| Title | Fotografo e il fisco (Il) |
| 245 ## - TITLE STATEMENT | |
| Remainder of title | Fotografo e Il fisco (Il) |
| 250 ## - EDITION STATEMENT | |
| Edition statement | 1a ed. |
| 260 ## - PUBLICATION, DISTRIBUTION, ETC. (IMPRINT) | |
| Place of publication, distribution, etc. | ROMA |
| 260 ## - PUBLICATION, DISTRIBUTION, ETC. (IMPRINT) | |
| Name of publisher, distributor, etc. | Nuova Arnica |
| 260 ## - PUBLICATION, DISTRIBUTION, ETC. (IMPRINT) | |
| Date of publication, distribution, etc. | 1998 [1° Ed.:1998 - Ed.Ling.Originale:1998] |
| 300 ## - PHYSICAL DESCRIPTION | |
| Extent | "124 p. (prefazione: no ; testo: 124 [pagine: 0-0])" |
| 500 ## - GENERAL NOTE | |
| General note | "Prestazioni Professionali; Diritto D'Autore; collaborazione coordinata e Continuativa; Prestazioni Occasionali; Leggi; Risoluzioni; Glossario; Schemie Modelli. Attività di Fotografo. Prestazioni Professionali: Adempimenti Iva; Modulo Apertura posizione Iva; Fatturazione; Liquidazione e Versamentoiva; Ritenuta D'Acconto; Registri; Contributo Previdenziale Inps; Irap. quesiti Professionista. Diritto D'Autore. Dichiarazione dei redditi indicazioni Utili. Appendice: leggi . Risoluzioni del Ministero delle Finanze." |
| 650 ## - SUBJECT ADDED ENTRY--TOPICAL TERM | |
| Topical term or geographic name as entry element | INDUSTRIA FOTOGRAFICA |
| 650 ## - SUBJECT ADDED ENTRY--TOPICAL TERM | |
| Relator term | Codice materia Spics: 6756 |
| 700 ## - ADDED ENTRY--PERSONAL NAME | |
| Personal name | Teriaca R. |
| 700 ## - ADDED ENTRY--PERSONAL NAME | |
| Miscellaneous information | Codice Aut. SPICS: 58660 |
| 942 ## - ADDED ENTRY ELEMENTS (KOHA) | |
| Koha item type | LIBRO |
| 957 ## - | |
| -- | 1 |
| 999 ## - SYSTEM CONTROL NUMBERS (KOHA) | |
| -- | 1 |
| Withdrawn status | Lost status | Damaged status | Not for loan | Home library | Current library | Date acquired | Total Checkouts | Full call number | Date last seen | Price effective from | Koha item type | Public note |
|---|---|---|---|---|---|---|---|---|---|---|---|---|
| Buone Condizioni | Not For Loan | SPICS-MEDIATECA | SPICS-MEDIATECA | 08/03/2013 | H6752 | 08/03/2013 | 08/03/2013 | LIBRO | Progressivo inserimento: 31245 / N. Volumi: 1 Copie: 1 / data import: 1 marzo 2013 - By Epidotti, Trombetti, Vaglietti. |